Mammals of Yosemite National Park /

Bibliographic Details
Main Author: Parker, Harry C.
Corporate Authors: Yosemite Natural History Association, United States. National Park Service
Format: Book
Language:English
Published: [Yosemite National Park, Calif.] : Yosemite Natural History Association in cooperation with the National Park Service, [between 1970 and 1979?]
Subjects:

MARC

Tag First Indicator Second Indicator Subfields
LEADER 00000cam a2200000Ia 4500
001 in00002787836
005 20151202171725.0
008 121210r19701952caua b 000 0 eng d
035 |a (OCoLC)ocn820724062 
035 |a (OCoLC)820724062 
040 |a TXA  |c TXA  |d UtOrBLW 
043 |a n-us-ca 
049 |a TXAM 
050 4 |a QL719.C2  |b P37 1970z 
100 1 |a Parker, Harry C. 
245 1 0 |a Mammals of Yosemite National Park /  |c by Harry C. Parker. 
264 1 |a [Yosemite National Park, Calif.] :  |b Yosemite Natural History Association in cooperation with the National Park Service,  |c [between 1970 and 1979?] 
300 |a pages 52-105 :  |b illustrations ;  |c 24 cm. 
336 |a text  |b txt  |2 rdacontent 
337 |a unmediated  |b n  |2 rdamedia 
338 |a volume  |b nc  |2 rdacarrier 
500 |a Originally published as: Yosemite nature notes, volume 31, number 6 (1952). 
504 |a Includes bibliographical references (page 105). 
536 |a The Al Stonestreet Parks and Recreation Collection, 1997. 
650 0 |a Mammals  |z California  |z Yosemite National Park. 
650 0 |a Animal tracks  |z California  |z Yosemite National Park. 
710 2 |a Yosemite Natural History Association. 
710 1 |a United States.  |b National Park Service. 
994 |a C0  |b TXA 
948 |a cataloged  |b h  |c 2012/12/10  |d o  |e nbehmer  |f 11:04:53 am 
999 |a MARS 
999 f f |s b3d73952-1222-310f-916a-17715bde6c23  |i cb44d829-d5e9-3ed9-a76e-09abf6621666  |t 0 
952 f f |p noncirc  |a Texas A&M University  |b College Station  |c Cushing Memorial Library & Archives  |d Cushing: Stonestreet (Does not check out)  |t 0  |e QL719.C2 P37 1970z  |h Library of Congress classification  |i unmediated -- volume 
998 f f |a QL719.C2 P37 1970z  |t 0  |l Cushing: Stonestreet (Does not check out)